| 000 | 01121cam a2200205 4500 | ||
|---|---|---|---|
| 001 | WB4013-06 | ||
| 008 | 040329n2004 000 0 eng u | ||
| 035 | _a(Sirsi) u125657 | ||
| 245 | _aPublic sector energy scheme | ||
| 260 | _c2004 | ||
| 490 |
_aScottish Executive News Release _v(SEEL294/2004) 26 March 2004 (2) |
||
| 520 | _aThe Scottish Executive has announced an initiative to invest £20m to make hundreds of public buildings in Scotland energy efficient. The Executive aims to help save up to £70m over the next five years for spending on schools, health and other public services by spending money now on energy saving measures. The fund is worth £20m over two years and is available to all 32 Scottish local authorities. The Executive also aims to lead by example and demonstrate that energy efficiency policies are practical and deliver quick tangible benefits. http://www.scotland.gov.uk/pages/news/2004/03/SEEL 294.aspx | ||
| 590 | _aWB | ||
| 590 | _aWB | ||
| 650 | _aSCOTLAND | ||
| 650 | _aENERGY EFFICIENT BUILDINGS | ||
| 650 | _aPUBLIC SECTOR | ||
| 690 | _aENERGY-EFFICIENCY | ||
| 942 | _n0 | ||
| 999 |
_c117145 _d117145 |
||